| 000 | 01256nam a22002417a 4500 | ||
|---|---|---|---|
| 001 | 9351 | ||
| 003 | FISKH | ||
| 005 | 20251211143712.0 | ||
| 008 | 251211b cb ||||| |||| 00| 0 eng d | ||
| 040 |
_aFISKH _beng _cFISKH _dFISKH |
||
| 082 | _a398.209596 | ||
| 100 | _aAnonymous | ||
| 245 |
_aKhmer fable / _cIllustrated by the Inclusive Arts Class at Epic Arts, Kampot |
||
| 260 |
_aKampot ; _bEpicarts, _c2015. |
||
| 300 |
_a16 unnumbered pages : _bcolor illustrations ; _c20 cm |
||
| 505 | _aJ | ||
| 520 | _aKhmer Fables is a collection of traditional Cambodian stories, brought to life through vibrant illustrations created by the Inclusive Arts Class at Epic Arts in Kampot. Each fable reflects themes of Khmer culture, moral lessons, and wisdom handed down through generations. Epic Arts is an organization committed to promoting inclusion and celebrating diversity, especially for individuals with disabilities, through creative and expressive art forms. This book showcases their artistic talents while preserving Cambodian storytelling traditions. | ||
| 521 | 8 |
_a500
_bLexile estimate |
|
| 521 | 8 |
_aJ
_bRaz-Plus |
|
| 650 |
_2Cambodia _aCambodian folklore _vTraditional stories _xKhmer fables |
||
| 942 |
_2ddc _cBK _n0 |
||
| 999 |
_c9351 _d9351 |
||